| 000 -ლიდერი |
| ფიქსირებული სიგრძის საკონტროლო ველი |
01098nam a2200265Ia 4500 |
| 001 - საკონტროლო ნომერი |
| საკონტროლო ველი |
20269 |
| 003 - საკონტროლო ნომრის იდენტიფიკატორი |
| საკონტროლო ველი |
GE_BSU |
| 005 - ბოლო ოპერაციის თარიღი და დრო |
| საკონტროლო ველი |
20200730125855.0 |
| 008 - ფიქსირებული სიგრძის მონაცემთა ელემენტები - ზოგადი ინფორმაცია |
| ფიქსირებული სიგრძის საკონტროლო ველი |
181216s1976||||ge |||||||||||||| ||geo|| |
| 040 ## - კატალოგიზაციის წყარო |
| Transcribing agency |
GE_BSU |
| 041 ## - ენის კოდი |
| Language code of text/sound track or separate title |
geo |
| 080 ## - უნივერსალური ათობითი კლასიფიკაციის ინდექსი |
| Universal Decimal Classification number |
811.353.1-8(075.3) ი-18 |
| 245 ## - ცნობა სათაურის შესახებ |
| Title |
იაკობ გოგებაშვილის დედა ენის 100 წელი : |
| Remainder of title |
წერილების კრებული / |
| Statement of responsibility, etc |
რედ. ჯ. ჭანტურია. |
| 260 ## - გამოქვეყნების, გავრცელების, და სხვა. ცნობები |
| Place of publication, distribution, etc |
თბილისი |
| 260 ## - გამოქვეყნების, გავრცელების, და სხვა. ცნობები |
| Name of publisher, distributor, etc |
ნაკადული |
| 260 ## - გამოქვეყნების, გავრცელების, და სხვა. ცნობები |
| Date of publication, distribution, etc |
1976 |
| 300 ## - ფიზიკური აღწერა |
| Extent |
35 გვ. : |
| Other physical details |
ილ. ; |
| Dimensions |
20 სმ. |
| 653 ## - INDEX TERM--UNCONTROLLED |
| Uncontrolled term |
იაკობ გოგებაშვილი |
| 653 ## - INDEX TERM--UNCONTROLLED |
| Uncontrolled term |
დედაენა |
| 653 ## - INDEX TERM--UNCONTROLLED |
| Uncontrolled term |
იაკობ გოგებაშვილის დედა ენის 100 წელი |
| 700 ## - ADDED ENTRY--PERSONAL NAME |
| Personal name |
ჭანტურია, ჯ. |
| Relator term |
რედაქტორი |
| 9 (RLIN) |
9082 |
| 710 ## - ADDED ENTRY--CORPORATE NAME |
| Corporate name or jurisdiction name as entry element |
საქართველოს სსრ განათლების სამინისტრო |
| 9 (RLIN) |
7977 |
| 942 ## - ADDED ENTRY ELEMENTS (KOHA) |
| Koha item type |
წიგნი |
| Source of classification or shelving scheme |
|